000 00920 a2200445 4500
000 BKB
001 070755
005 20200902150858.0
008
010 _a
020 _a9783527299669
082 _a547.2
_bC23C
100 1 _aCarreira, Erick M.
110 _aKvaerno, Lisbet
245 1 _aClassics in stereoselective synthesis
_cby Erick M. Carreira and Lisbet Kvaerno
250 _a
260 _aWeinheim
_bWiley VCH
_c2009
300 _a632p.
490 _a
_v
500 _a
600 _a
610 _a
611 _a
630 _aChemistry
650 _a
651 _a
654 _a
690 _aAsymmetric synthesis
700 _a
_b
_c
710 _a
_b
_c
711 _a
720 _a
730 _a
740 _a
752 _a
856 _a
_d
_f
904 _a
964 _a
_bENG
_c
_d
_e
_f
_g
965 _a
999 _c4183
_d4183